00185nam a2200061Ia 4500008004100000100001900041245006300060120527s9999 xx 000 0 und d aKarlin, Samuel aMathematical methods and theory in Games program economics